Don Alberione ai sacerdoti. (Record n. 37576)
[ formato base ]
| 000 -LEADER | |
|---|---|
| fixed length control field | 00869nam a22001697a 4500 |
| 003 - CONTROL NUMBER IDENTIFIER | |
| control field | IT-RoPau |
| 005 - DATE AND TIME OF LATEST TRANSACTION | |
| control field | 20220918175936.0 |
| 008 - FIXED-LENGTH DATA ELEMENTS--GENERAL INFORMATION | |
| fixed length control field | 121127b xxu||||| |||| 00| 0 eng d |
| 040 ## - CATALOGING SOURCE | |
| Transcribing agency | IT-RoPau |
| 100 ## - MAIN ENTRY--PERSONAL NAME | |
| Personal name | Alberione Giacomo |
| Titles and words associated with a name | ssp |
| 9 (RLIN) | 14 |
| 245 ## - TITLE STATEMENT | |
| Title | Don Alberione ai sacerdoti. |
| Remainder of title | Editoriali di Vita Pastorale 1932-1966 |
| 250 ## - EDITION STATEMENT | |
| Edition statement | 1° ed. |
| 260 ## - PUBLICATION, DISTRIBUTION, ETC. (IMPRINT) | |
| Place of publication, distribution, etc. | Roma |
| Name of publisher, distributor, etc. | Società San Paolo |
| Date of publication, distribution, etc. | 1996 |
| 300 ## - PHYSICAL DESCRIPTION | |
| Extent | 192 p. |
| Dimensions | 19 cm |
| 520 ## - SUMMARY, ETC. | |
| Summary, etc. | INDICE<br/>Approccio pastorale;<br/>I Dicembre 1912: parte il dialogo con i lettori;<br/>II L'Eucaristia;<br/>III La Bibbia;<br/>IV Catechesi;<br/>V Liturgia;<br/>VI Maria Santissima;<br/>VII San Paolo;<br/>VIII La Chiesa;<br/>IX Il Concilio;<br/>X Obbedienza;<br/>XI Il Parroco;<br/>XII Aggiornamento;<br/>XIII Predicazione orale;<br/>XIV La nuova predicazione;<br/>XV Apostolati moderni; <br/>XVI La famiglia;<br/>XVII Sapienza quotidiana;<br/>XVIII Vocazioni;<br/>XIX Suore e Istituti secolari. |
| 942 ## - ADDED ENTRY ELEMENTS (KOHA) | |
| Source of classification or shelving scheme | Dewey Decimal Classification |
| Koha item type | LIBRO |
| Withdrawn status | Lost status | Source of classification or shelving scheme | Damaged status | Not for loan | Home library | Current library | Date acquired | Total Checkouts | Full call number | Date last seen | Price effective from | Koha item type |
|---|---|---|---|---|---|---|---|---|---|---|---|---|
| Dewey Decimal Classification | Buone Condizioni | Not For Loan | PAULUS-BIBLIOTECA | PAULUS-BIBLIOTECA | 27/11/2012 | P A4 | 27/11/2012 | 27/11/2012 | LIBRO | |||
| Dewey Decimal Classification | Buone Condizioni | Not For Loan | PAULUS-BIBLIOTECA | PAULUS-BIBLIOTECA | 20/01/2013 | P A4 | 20/01/2013 | 20/01/2013 | LIBRO | |||
| Dewey Decimal Classification | Buone Condizioni | Not For Loan | PAULUS-BIBLIOTECA | PAULUS-BIBLIOTECA | 16/11/2013 | P A4 | 16/11/2013 | 16/11/2013 | LIBRO | |||
| Dewey Decimal Classification | Buone Condizioni | Not For Loan | PAULUS-BIBLIOTECA | PAULUS-BIBLIOTECA | 16/11/2013 | P A4 | 16/11/2013 | 16/11/2013 | LIBRO |